LIBRARY & INFORMATION CENTRE, KCAET, TAVANUR

ONLINE PUBLIC ACCESS CATALOGUE (OPAC)

Hundred years of evolution / (Record no. 10618)

MARC details
000 -LEADER
fixed length control field 00361cam a2200145ua 4500
041 ## - LANGUAGE CODE
Language code of text/sound track or separate title eng
082 ## - DEWEY DECIMAL CLASSIFICATION NUMBER
Classification number 575
Item number CAR/HU
100 ## - MAIN ENTRY--AUTHOR NAME
Personal name Carter, G S .
245 ## - TITLE STATEMENT
Title Hundred years of evolution /
260 ## - PUBLICATION, DISTRIBUTION, ETC. (IMPRINT)
Place of publication London :
Name of publisher Sidgwick & Jackson Ltd ,
Year of publication 1960.
300 ## - PHYSICAL DESCRIPTION
Number of Pages 206 ; .
942 ## - ADDED ENTRY ELEMENTS (KOHA)
Koha item type Books
Holdings
Withdrawn status Lost status Damaged status Home library Current library Date acquired Full call number Accession Number Koha item type
      KAUAET KAUAET 07/04/2012 575 5831 Books
free website counter